000 00249nam a2200121 i 4500
001 bg
245 0 _aIndeks Prac IPPT.
260 _aWarszawa,
_c1980.
040 _cBPK
041 _apol
942 _cKS
008 s pl f |000 0 pol
999 _c22185
_d22185
856 _uhttp://koha.tu.koszalin.pl/cgi-bin/koha/opac-detail.pl?biblionumber=22185
_yKatalog online BPK